书目信息 |
| 题名: |
对抗性游戏
|
|
| 作者: | 周江林 著 | |
| 分册: | ||
| 出版信息: | 北京 中国人民大学出版社 2003 |
|
| 页数: | 561页 | |
| 开本: | 23cm | |
| 丛书名: | 朗朗书房·电影场 | |
| 单 册: | ||
| 中图分类: | J809.1 | |
| 科图分类: | ||
| 主题词: | 戏剧史--世界--20世纪 | |
| 电子资源: | ||
| ISBN: | 7-300-04898-6 | |
| 000 | 00951nam0 2200253 450 | |
| 001 | 1254957030 | |
| 005 | 20121019151644.45 | |
| 010 | @a7-300-04898-6@dCNY39.80 | |
| 100 | @a20060829d2003 emky0chiy0120 ea | |
| 101 | 0 | @achi |
| 102 | @aCN@b110000 | |
| 105 | @af z 000yy | |
| 200 | 1 | @a对抗性游戏@ADui Kang Xing You Xi@e百年世界前卫戏剧手册@EBai Nian Shi Jie Qian Wei Xi Ju Shou Ce@f周江林著@FZhou Jiang Lin Zhu |
| 210 | @a北京@c中国人民大学出版社@d2003 | |
| 215 | @a561页@c照片@d23cm | |
| 225 | 2 | @a朗朗书房·电影场 |
| 330 | @a本书回顾了一些已成为经典的“前卫戏剧”:《约翰·奥斯本》、《房间》、《哈罗德·品特》、《莎乐美》(王尔德)、《乌布王》(雅里)…… | |
| 410 | 0 | @12001 @a朗朗书房·电影场 |
| 517 | 1 | @a百年世界前卫戏剧手册@ABai Nian Shi Jie Qian Wei Xi Ju Shou Ce |
| 606 | 0 | @a戏剧史@y世界@z20世纪 |
| 690 | @aJ809.1@v4 | |
| 701 | 0 | @a周江林@AZhou Jiang Lin@4著 |
| 801 | 0 | @aCN@b中图数据@c20060829 |
| 905 | @a10447@dJ809.1@eJY11 | |
| 对抗性游戏:百年世界前卫戏剧手册/周江林著.-北京:中国人民大学出版社,2003 |
| 561页:照片;23cm.-(朗朗书房·电影场) |
| ISBN 7-300-04898-6:CNY39.80 |
| 本书回顾了一些已成为经典的“前卫戏剧”:《约翰·奥斯本》、《房间》、《哈罗德·品特》、《莎乐美》(王尔德)、《乌布王》(雅里)…… |
| ● |
| 相关链接 |
|
|
|
|
正题名:对抗性游戏
索取号:J809.1/JY11
 
预约/预借
| 序号 | 登录号 | 条形码 | 馆藏地/架位号 | 状态 | 备注 |
| 1 | 7834006 | 278340065 | 学院路分馆/ [索取号:J809.1/JY11] | 在馆 | |
| 2 | 7834007 | 278340074 | 学院路分馆/ [索取号:J809.1/JY11] | 在馆 |